000
00349nam a2200133Ia 4500
008
200619s9999 xx 000 0 und d
020
_a
9800000000000
100
_a
Mandela Nelson
245
0
_a
Conversations with Myself
264
_b
Pan Macmillan
_c
2010
300
_a
455
942
_c
IR
999
_c
120278
_d
120278